000
00210 a2200097 4500
001
18557
100
_a
Lenger W
245
_a
Encyclopedia tarikh-e-alam
260
_a
_b
Sh ghulam ali
_c
090
_c
13786
_d
13786
942
_a
NUST-CAE
_c
M
_c
4209
999
_c
253630
_d
253630